| 000 | 00660nam a2200217Ia 4500 | ||
|---|---|---|---|
| 001 | 7388 | ||
| 003 | GE_BSU | ||
| 008 | 181216s||||||||xx |||||||||||||| ||und|| | ||
| 040 | _cGE_BSU | ||
| 080 | _a69.003(075.32) | ||
| 100 | _aДиков,Н.Д. Бочаров,В.И. Кондрашов,А.В. | ||
| 245 | _aОрганизация строительсва. | ||
| 245 | _bУчебник. | ||
| 245 | _cНауч. ред. А.В.Кудинов. | ||
| 260 | _aМ. | ||
| 260 | _bСтройиздат. | ||
| 260 | _c1970. | ||
| 300 | _a252стр.22см.библиогр.:стр.248. | ||
| 653 | _aОрганизация строительсва. | ||
| 942 | _cBK | ||
| 999 |
_c40749 _d40749 |
||